00746cam a2200241 a 4500001000800000005001700008008004100025010001700066020002200083020002200105040001800127041000800145080001600153082002000169100000700189101000800196245008100204504003000285906004500315942001200360999001700372952011500389375071720171221035210.0820727s1982 cau b 000 0 eng  a 82010720  a0803918720 (pbk.) a0803918712 (hard) aDLCcDLCdDLC aeng a001.433 CAM00a001.433 CAM2191 a46 aEDU10aWhat to study :cby John P. Campbell, Richard L. Daft, and Charles L. Hulin. aBibliography: p. 166-167. a7bcbccorignewd1eocipf19gy-gencatlg 2ddccBK c39260d39260 00102udc40708PËKGa002b002cPËKGd2017-12-21l0o001.433 CAMp002-2939542r2017-12-21w2017-12-21yBK